Statistics for Aeronautical manufacturers

Click here to take the quiz!

General Stats

  • This quiz has been taken 1,157 times
  • The average score is 7 of 27

Answer Stats

Answer% Correct
Boeing
96%
Airbus
88%
Embraer
61%
Lockheed
55%
Bombardier
54%
Cessna
44%
Tupolev
38%
Sukhoi
35%
Dassault
26%
De Havilland
22%
Piper
22%
British Aerospace
18%
McDonnel Douglas
16%
Grumman
15%
Gulfstream
15%
Ilyushin
15%
Beechcraft
14%
Canadair
14%
ATR
13%
Rolls Royce
13%
Avro
12%
Fokker
9%
Cirrus
8%
Aermacchi
5%
Eurofighter
5%
Piaggio
5%
Augusta westland
1%

Score Distribution

Percentile by Number Answered

Percent of People with Each Score

Your Score History

You have not taken this quiz